000 00364pab a2200145 454500
008 180718b1995 xxu||||| |||| 00| 0 eng d
100 _aSoman, D.S.
245 _aAppointment of ombudsman
_ban idea whose time has come.
260 _c1995
300 _ap.8
362 _a10 Jul
650 _aOmbudsman - India
773 _aHindu (Business Line)
909 _a29811
999 _c29811
_d29811